Gran biblioteca literatura latinoamericana El comercio : (Registro nro. 216)

Detalles MARC
000 -Cabecera
Campo de control interno 01639nam a2200241Ia 4500
005 - Fecha y hora del registro
control field 20251203123019.0
008 - Elementos de Longitud Fija
fixed length control field 251203t2002||||xx |||||||||||||| ||spa||
020 ## - ISBN
ISBN 9972402207
041 ## - Idioma
Codigo Idioma ESP
082 ## - DEWEY y NOTACIÓN INTERNA
Dewey 869
Notación Interna P38
110 ## - AUTOR INSTTITUCIONAL
Autor Institucional Peisa
245 #0 - TÍTULO DE MATERIAL BIBLIOGRÁFICO
Título Gran biblioteca literatura latinoamericana El comercio :
Título paralelo N° 1- 14/17-21/23-26
260 ## - CIUDAD, EDITORIAL, AÑO
Ciudad Lima :
Nombre de la Editorial Peisa,
Año 2002
300 ## - DESCRIPCIÓN
N° Páginas 374 páginas :
Otros detalles
Dimensiones 20 cm.
Material Adicional
440 ## - MENCIÓN DE SERIE
Título de la Serie
Número de Serie
Volumen de Serie
500 ## - NOTA GENERAL
Nota General No hay los números 15,16 y 22
505 ## - TABLA DE CONTENIDO
Tabla de Contenido Contiene: Núm. 1: Cien años de soledad. - Núm. 2: Obra poética. – Núm. 3: La palabra del mudo: antología. – Núm. 4: La tía Julia y el escribidor. – Núm. 5: Ficciones; El libro de arena. – Núm. 6: Rayuela. – Núm. 7: El hombre que hablaba de Octavia de Cádiz: cuaderno de navegación, en un sillón Voltaire. – Núm. 8: Pedro Páramo; El llano en llamas. – Núm. 9: La casa de los espíritus. – Núm. 10: El amor en los tiempos del cólera. – Núm. 11: Doña Flor y sus dos maridos: historia moral y de amor. Novela. – Núm. 12: Redoble. – Núm. 13: Pantaleón y las visitadoras. – Núm. 14: La muerte de Artemio Cruz. – Núm. 17: El obsceno pájaro de la noche. – Núm. 18: 17 narradoras latinoamericanas. – Núm. 19: Eva Luna. – Núm. 20: Cuentos escogidos. – Núm. 21: El señor presidente. – Núm. 23: La Habana para un infante difunto. – Núm. 24: El mundo es ancho y ajeno. – Núm. 25: Bestiario; Todos los fuegos el fuego. – Núm. 26: Tantas veces Pedro
650 ## - TEMAS
Temas Literatura
653 ## - DESCRIPTORES
Lenguajes no controlado Literatura latinoamericana
654 ## - PROGRAMAS
Programa Todos los programas
942 ## - ELEMENTOS DE KOHA
Tipo de documento Libro
Nombre del creador Justo Noguera
Código de catalogador Margarita Torres
Esquema de clasificación Dewey Decimal Classification
Suppress in OPAC
Existencias
Codigo completo Registro Colección Copia número Disponibilidad Tipo de préstamo Biblioteca Actual Procedencia (Biblioteca) Ubicacón Fecha Ingreso Tipo de Adquisición Date last seen Total checkouts Price effective from Tipo de Item Estado del Material Fuente de Clasificación Damaged status Withdrawn status
869 P38 1085087 Colección Vera Bejar 1   Restringido Víctor Andrés Belaunde Víctor Andrés Belaunde Planta baja cerrada 03/12/2025 Donación 03/12/2025   03/12/2025 Libro Bueno Dewey Decimal Classification   Withdrawn